000 nam a22 7a 4500
999 _c8170
_d8170
008 171205b xxu||||| |||| 00| 0 eng d
100 _aEvans Rogers
_94604
245 _aHow to Play Piano
260 _aMeerut
_bMini Publishers
_c2001